|
|
|
|
| LEADER |
01335nam a22003498i 4500 |
| 001 |
34442 |
| 003 |
BD-DhAAL |
| 005 |
20211115115924.0 |
| 008 |
190328t2018 flua b 000 0 eng |
| 999 |
|
|
|c 40578
|d 40578
|
| 010 |
|
|
|a 2017029311
|
| 020 |
|
|
|a 9781498799553 (hardback : alk. paper)
|
| 020 |
|
|
|z 9781498799560 (ebook)
|
| 040 |
|
|
|a DLC
|b eng
|e rda
|c DLC
|d DLC
|d BD-DhAAL
|
| 042 |
|
|
|a pcc
|
| 050 |
0 |
0 |
|a TK3105
|b .S533 2017
|
| 082 |
0 |
0 |
|a 621.31
|2 23
|
| 240 |
|
|
|a Smart grids (CRC Press : 2017)
|
| 245 |
1 |
0 |
|a Smart grids :
|b advanced technologies and solutions /
|c edited by Stuart Borlase.
|
| 250 |
|
|
|a Second edition.
|
| 260 |
|
|
|a Boca Raton, FL :
|b Taylor & Francis, CRC Press,
|c c2018
|
| 300 |
|
|
|a xxi, 805 pages :
|b illustrations (some color) ;
|c 26 cm.
|
| 490 |
0 |
|
|a Electric power and energy engineering
|
| 504 |
|
|
|a Includes bibliographical references.
|
| 526 |
|
|
|a EEE
|
| 541 |
|
|
|a Parama Publishers
|e 34442
|
| 650 |
|
0 |
|a Smart power grids.
|9 30755
|
| 650 |
|
0 |
|a Electrical engineering
|9 42648
|
| 700 |
1 |
|
|a Borlase, Stuart,
|e editor.
|9 30756
|
| 852 |
|
|
|a Ayesha Abed Library
|c General Stacks
|
| 942 |
|
|
|2 ddc
|c BK
|
| 952 |
|
|
|0 0
|1 0
|2 ddc
|4 0
|6 621_310000000000000_SMA
|7 0
|9 65200
|a BRACUL
|b BRACUL
|c GEN
|d 2019-02-26
|e Parama Publishers
|g 8165.00
|l 3
|m 44
|o 621.31 SMA
|p 3010034442
|r 2025-09-11
|s 2024-10-24
|t 1
|v 16330.00
|w 2019-02-26
|y BK
|